000
00244nam a2200097Ia 4500
001
652762
005
20250826154444.0
008
250824s9999 xx 000 0 und d
245
0
_a
BEYAZ DİŞ
_c
JACK LONDON
260
_b
ANTİK DÜNYA KLASİKLERİ
999
_c
652762
_d
652762